000 00465nam a22001577a 4500
005 20251108170028.0
008 250721s1984 xx 000 0 ara d
082 1 4 _aط/ق/حاف
100 1 _aفرحان، غائب طعمه
_eترجمة
245 1 0 _aالحافر الفضي و حكايات أخرى /
264 1 _aموسكو :
_bدار رادوغا،
_c1984.
300 _a140ص : مص
650 1 7 _aأدب الأطفال
942 _2ddc
_cBK
999 _c37816
_d37816